000 00705nam a2200253Ia 4500
003 OSt
005 20220918184355.0
006 a|||||r|||| 00| 0
007 ta
008 220917b |||||||| |||| 00| 0 eng d
024 _a46,247
037 _cTextual
040 _aARTS
_cARTS
_beng
041 _2eng
_aeng
082 _aPxM96, L7
100 _aJakobson Roman
_922310
245 0 _aEchoes of his scholarship ed by Daniel Armstrong and C H Van Schooneveld
260 _aLisse
_bPeter de Ridder Press
_c1977
300 _aix,533p.
_ccm.
500 _aIncludes bibliography
650 _aLINGUISTICS
942 _hPxM96, L7
_cTEXL
_2CC
999 _c176274
_d176274